|
|
|
|
| LEADER |
00000ny a22000003n 4500 |
| 005 |
20110621111045.0 |
| 008 |
090423s2009 sp 000 0 spa d |
| 017 |
|
|
|a D.L. S 547-2009
|
| 020 |
|
|
|a 9788492751013
|
| 035 |
|
|
|a 4677
|
| 040 |
|
|
|a BUS
|d vlex
|
| 041 |
|
|
|a spaengfre
|
| 090 |
|
|
|c 1321
|d 1321
|
| 245 |
0 |
0 |
|a Estado, derecho y religin̤ en Oriente y Occidente
|h [Recurso electrn̤ico]
|c Jacinto Choza y Jess︢ de Garay (editores) ; [Seminario de las Tres Culturas de la Universidad de Sevilla]
|
| 256 |
|
|
|a Servicio en ln̕ea
|
| 260 |
|
|
|a Valencina de la Concepcin̤ (Sevilla) :
|b Thm̌ata ;
|a Madrid :
|b Plaza y Valdš,
|c 2009
|
| 300 |
|
|
|a v.
|
| 500 |
|
|
|a "La Fundacin̤ Tres culturas del Mediterrǹeo y el Grupo de Investigacin̤ de "Filosofa̕ de la Cultura" (HUM 153), con la colaboracin̤ del Departamento de Filosofa̕ y Lg̤ica y Filosofa̕ de la Ciencia, y el Vicerrectorado de Extensin̤ Universitaria, organizan este seminario, en el que se pretende examinar diferentes aspectos de las culturas islm̀ica, juda̕ y cristiana que tienen relevancia para el mundo contemporǹeo" -- Solapa
|
| 506 |
1 |
|
|a Contenido solo disponible en los productos indicados
|d vLex Global
|d vLex Global (Academic Edition, excluding Law Schools)
|d vLex Global (U.S. Academic Edition, Law Schools)
|d vLex Global (U.S. Academic Edition, excluding Law Schools)
|d vLex Global (Academic Edition, Law Schools)
|
| 546 |
|
|
|a Textos en espaǫl, inglš y francš
|
| 650 |
0 |
7 |
|a Estado social de derecho
|2 Tesauro vLex
|
| 650 |
0 |
7 |
|a Oriente y Occidente
|2 Tesauro vLex
|
| 650 |
0 |
7 |
|a Religin̤ y Estado
|2 Tesauro vLex
|
| 650 |
0 |
7 |
|a Derecho eclesis̀tico
|2 Tesauro vLex
|
| 650 |
0 |
7 |
|a Filosofa̕ del Derecho
|2 Tesauro vLex
|
| 700 |
1 |
|
|a Choza, Jacinto,
|e ed. lit.
|
| 700 |
1 |
|
|a Garay, Jess︢ de,
|e ed. lit.
|
| 710 |
1 |
|
|a Universidad de Sevilla.
|b Departamento de Filosofa̕ y Lg̤ica y Filosofa̕ de la Ciencia
|
| 710 |
1 |
|
|a Fundacin̤ Tres Culturas del Mediterrǹeo (Sevilla, Espaą)
|
| 740 |
0 |
|
|a vLex Libros (Servicios en ln̕ea)
|
| 856 |
4 |
0 |
|u http://vlex.com/source/4677
|z Acceso restringido
|
| 942 |
|
|
|c BOOK
|